Návrh, analýza a testovanie hry pre rozšírenú realitu

Gespeichert in:
Bibliographische Detailangaben
1. Verfasser: Michlo, Patrik (Verfasst von)
Weitere Verfasser: Drozda, Martin (Betreuung Doktorarbeit)
Format: Manuskript Buch
Sprache:Slowakisch
Veröffentlicht: 2017
Schlagworte:
Online-Zugang:http://is.stuba.sk/zp/portal_zp.pl?podrobnosti=127408
Tags: Tag hinzufügen
Keine Tags, Fügen Sie das erste Tag hinzu!

MARC

LEADER 00000ntm a22000003a 4500
001 stuzp61133
003 SK-STU
005 20170627092620.7
007 ta
008 150427s2015----xo-----f-mn---000-0-slo-d
040 |a STU  |b slo 
041 0 |a slo 
044 |a xo 
100 1 |a Michlo, Patrik  |u 035000  |4 aut  |U FEI Fakulta elektrotechniky a informatiky  |T FEI Ústav informatiky a matematiky  |X 53912  |U E050  |Y 816  |7 53912 
242 0 1 |a Design, analysis and testing of augmented reality game  |y eng 
245 1 0 |a Návrh, analýza a testovanie hry pre rozšírenú realitu 
260 |c 2017 
300 |a 49 s., príl.,  |b CD-ROM 
650 4 |a rozšírená realita  |2 slo 
650 4 |a iOS  |2 slo 
650 4 |a mobilná aplikácia  |2 slo 
650 4 |a Vuforia  |2 slo 
650 4 |a augmented reality  |2 eng 
650 4 |a iOS  |2 eng 
650 4 |a mobile application  |2 eng 
650 4 |a Vuforia  |2 eng 
700 1 |a Drozda, Martin  |u 035000  |k Z1  |4 ths  |U FEI Fakulta elektrotechniky a informatiky  |T FEI Ústav informatiky a matematiky  |X 71006  |U E050  |Y 816  |7 A000071006 
856 4 |u http://is.stuba.sk/zp/portal_zp.pl?podrobnosti=127408 
996 |b 284EP11604  |c E*DIPL- 11604  |l EE35  |s P  |a 0  |w stuzp61133_0001